000 00974nas a2200289 4500
001 BR5400185
003 BR-BrBNA
005 20231205081939.0
007 ta
008 230509b bl.|||p| |||| 00| 00por d
040 _aBR-BrBNA
_bpor
_cBiblioteca Nacional de Agricultura
041 _a(Pt)
072 _aH20
100 1 _aCosta Neto, J.P. da
111 1 _a2. Jornada Riograndense de Agronomia
_cPelotas, RS (Brazil)
_d5 Dec 1952
245 1 _aAtaque foliar de carvao do trigo - Ustilago muda (Jens)rostr. e carvao nu da aveia - Ustilago avenae (Pers.)rostr. 2. ocorrencia do carvao da cana no Rio Grande do Sul [Brasil]
650 _aFOLHA
650 _aESPIGA
650 _aCARVAO
650 _aTRIGO
650 _aAVEIA
650 _aCANA DE ACUCAR
650 _aRIO GRANDE DO SUL
773 0 _tAgronomia Sulriograndense (Brazil)
_xISSN 0400-8111
_g(1954), v. 1(1-4) p. 28-31
_wBR5400185
909 _a202311
_bLúcia
_c55
_dLúcia Elande
942 _2AGRIS
_n0
_cANA
999 _c88037
_d88037